1421 1549 1006 1402 1756 1154 1667 1570 1026 1264 1012 1533 1384 1506 1212 1293 1392 1471 1612 1762 1756 1580 1042 1697 1906 1221 1490 1249 1881 1112 1850 1725 1246 1642 1070 1225 1319 1249 1955 1431 1908 1779 1407 1271 1783 1379 1788 1875 1301 1893 1921 1197 1924 1602 1392 1739 1686 1698 1545 1380 1352 1961 1865 1175 1352 1536 1186 1512 1179 1990 1146 1872 1245 1925 1539 1119 1064 1030 1916 1094 1273 1541 1364 1570 1167 1114 1287 1145 1555 1323 1374 1985 1523 1368 1221 1707 1093 1954 1301 BCNSPRNW ULIB Ver.6.0+V

เปลี่ยนเป็นภาษาไทย

Change to English
 แสดงรายละเอียดบรรณานุกรม
  กลับหน้าหลัก

Brief Record : Get Marc (ISO 2709) : E-mail record : QR code < ปิดหน้าต่าง
LEADER : 00000nas 2200000uu 4500
001    13399115140
003     ULIB
008    120712s||||||||th 000 0 tha d
022    ^a19052782
110    ^aกองสนับสนุนสุขภาพภาคประชาชน
245    ^aวารสารสุขภาพภาคประชาชน(วิทยาเขตนครสวรรค์)/^cกองสนับสนุนสุขภาพภาคประชาชน
260    ^aกรุงเทพฯ :^bกองสนับสนุนสุขภาพภาคประชาชน,^cม.ป.ป.
310    ^aรายสองเดือน
850    ^aปีที่ 7 ฉบับที่ 4;ปีที่ 8 ฉบับที่ 6
945    ^p0^l0^i800180
945    ^p0^l0^i800622
999 ^a ใช้งานได้ทุกระบบ
รายการนี้ยังไม่มีแท็ก
คุณยังไม่ได้ล็อกอิน คุณสามารถมีกิจกรรมร่วมกับเว็บไซต์ได้ แต่ต้องล็อกอินก่อน ::
  ล็อกอิน

รายการสื่อสารสนเทศ (วารสาร)

ดูแบบ: กล่อง รายการ
ARRIVED
ปีที่ 7 ฉบับที่ 4
สถานที่: ห้องสมุดวิทยาเขตสวรรค์ประชารักษ์ >วารสาร
ARRIVED
ปีที่ 8 ฉบับที่ 6
สถานที่: ห้องสมุดวิทยาเขตนครสวรรค์ >วารสาร

BibComment


ยังไม่เคยถูกคอมเมนท์

คอมเมนท์ทรัพยากรรายการนี้
  คอมเมนท์: วารสารสุขภาพภาคป..


 Copyright 2026. Bcnsprnw @Library